All Microstate Flags - Statistics

General Stats
  • This quiz has been taken 29 times
  • The average score is 9 of 10
Answer Stats
Picture Answer % Correct
Monaco
100%
Andorra
96%
Liechtenstein
96%
San Marino
96%
Vatican City
96%
Nauru
91%
Palau
91%
Marshall Islands
87%
Micronesia
83%
Tuvalu
83%
No matching quizzes found
Score Distribution
Percent of People with Each Score
Percentile by Number Answered
Your Score History
You have not taken this quiz